[Event "EU Corporate-ch"]
[Site "Rotterdam"]
[Date "2022.06.18"]
[Round "4"]
[White "Groenewold, Jan Joris"]
[Black "Malachi, Avraham"]
[Result "0-1"]
[WhiteElo "2134"]
[BlackElo "1997"]
[PlyCount "66"]
[EventDate "2022.06.18"]
[EventType "team-tourn (rapid)"]
[EventRounds "9"]
[EventCountry "NED"]
[SourceTitle "EXT 2023"]
[Source "ChessBase"]
[SourceDate "2022.10.05"]
[SourceVersion "1"]
[SourceVersionDate "2022.10.05"]
[SourceQuality "1"]

1. d4 Nf6 2. Nf3 g6 3. c4 Bg7 4. Nc3 0-0 5. e4 d6 6. h3 c5 7. d5 e6 8. Bd3 exd5 9. cxd5 Nbd7 10. 0-0 Re8 11. Re1 a6 12. a4 Ne5 13. Nxe5 dxe5 14. Be3 Qd6 15. a5 Bd7 16. Nb1 Bb5 17. Qc2 Rac8 18. Na3 Bxd3 19. Qxd3 Nd7 20. Nc4 Qe7 21. Qb3 Rb8 22. Rac1 f5 23. f3 Kh8 24. Red1 fxe4 25. fxe4 Qh4 26. Qd3 Nf6 27. Nd2 Bh6 28. Bxh6 Qxh6 29. Rxc5 Nh5 30. d6 Nf4 31. d7 Nxd3 32. dxe8Q+ Rxe8 33. Rc3 Nxb2 0-1

[Event "EU Corporate-ch"]
[Site "Rotterdam"]
[Date "2022.06.18"]
[Round "2"]
[White "Groenewold, Jan Joris"]
[Black "Wisniewski, Jacek"]
[Result "0-1"]
[WhiteElo "2134"]
[BlackElo "1850"]
[PlyCount "86"]
[EventDate "2022.06.18"]
[EventType "team-tourn (rapid)"]
[EventRounds "9"]
[EventCountry "NED"]
[SourceTitle "EXT 2023"]
[Source "ChessBase"]
[SourceDate "2022.10.05"]
[SourceVersion "1"]
[SourceVersionDate "2022.10.05"]
[SourceQuality "1"]

1. d4 Nf6 2. Nf3 g6 3. c4 Bg7 4. Nc3 0-0 5. e4 d6 6. h3 e5 7. d5 a5 8. Be3 Na6 9. g4 b6 10. Nd2 Nc5 11. b3 Ne8 12. g5 f5 13. gxf6 Nxf6 14. Be2 Bd7 15. a3 Qc8 16. b4 Nb7 17. h4 Ng4 18. Bxg4 Bxg4 19. f3 axb4 20. axb4 Rxa1 21. Qxa1 Bxf3 22. Nxf3 Rxf3 23. Kd2 Nd8 24. Qd1 Rh3 25. h5 gxh5 26. Rg1 Nf7 27. Qf1 Rh2+ 28. Kd3 Qh3 29. Nb5 Ng5 30. Nxc7 Nf3 31. Qxh3 Rxh3 32. Ra1 Nd4 33. Rg1 Kf7 34. Kd2 Nf3+ 35. Ke2 Nxg1+ 36. Bxg1 Rc3 37. Nb5 Rc1 38. Bxb6 Bf8 39. Kd3 h4 40. Be3 Rb1 41. c5 dxc5 42. Nc3 Rxb4 43. Bg1 h3 0-1

[Event "EU Corporate-ch"]
[Site "Rotterdam"]
[Date "2022.06.18"]
[Round "1"]
[White "Vosooghi Dizaji, Mehdi"]
[Black "Groenewold, Jan Joris"]
[Result "1/2-1/2"]
[WhiteElo "1878"]
[BlackElo "2134"]
[PlyCount "129"]
[EventDate "2022.06.18"]
[EventType "team-tourn (rapid)"]
[EventRounds "9"]
[EventCountry "NED"]
[SourceTitle "EXT 2023"]
[Source "ChessBase"]
[SourceDate "2022.10.05"]
[SourceVersion "1"]
[SourceVersionDate "2022.10.05"]
[SourceQuality "1"]

1. e4 c5 2. Nc3 e6 3. Bc4 a6 4. a4 Nc6 5. f4 Nf6 6. e5 d5 7. exd6 Bxd6 8. d3 Qc7 9. Nge2 0-0 10. 0-0 Rb8 11. Ne4 Be7 12. Qe1 b5 13. axb5 axb5 14. Bb3 Nb4 15. Bd2 Nbd5 16. c3 b4 17. Bc4 Nb6 18. Bb3 c4 19. Nxf6+ Bxf6 20. dxc4 Nxc4 21. cxb4 Nxd2 22. Qxd2 Qb6+ 23. Kh1 Qxb4 24. Qxb4 Rxb4 25. Rf3 Bb7 26. Rg3 Bxb2 27. Rb1 Bf6 28. f5 Bd5 29. fxe6 fxe6 30. Nf4 Bxb3 31. Rgxb3 Rxb3 32. Rxb3 Be5 33. g3 Bxf4 34. gxf4 Rxf4 35. Rb8+ Kf7 36. Rb7+ Kf6 37. Kg2 h5 38. Kg3 g5 39. Rb8 Rg4+ 40. Kf3 Rh4 41. Kg3 Ra4 42. Rh8 Ra3+ 43. Kg2 h4 44. Rh6+ Kf5 45. Rh8 e5 46. Rf8+ Kg4 47. Re8 Ra2+ 48. Kg1 Kf4 49. Rf8+ Ke3 50. Rf5 h3 51. Rxe5+ Kf3 52. Re1 g4 53. Rf1+ Ke3 54. Re1+ Kf4 55. Rf1+ Kg5 56. Rc1 Ra4 57. Rc5+ Kf4 58. Rc1 Ra3 59. Rf1+ Rf3 60. Ra1 g3 61. Ra4+ Ke3 62. Ra3+ Kf4 63. hxg3+ Rxg3+ 64. Rxg3 Kxg3 65. Kh1 1/2-1/2

[Event "Groningen Atlantis op"]
[Site "Groningen"]
[Date "2015.08.30"]
[Round "7"]
[White "Van Foreest, Lucas"]
[Black "Groenewold, Jan Joris"]
[Result "1/2-1/2"]
[WhiteElo "2293"]
[BlackElo "2164"]
[PlyCount "68"]
[EventDate "2015.08.27"]
[EventType "swiss"]
[EventRounds "7"]
[EventCountry "NED"]
[SourceTitle "EXT 2016"]
[Source "ChessBase"]
[SourceDate "2015.10.08"]
[SourceVersion "1"]
[SourceVersionDate "2015.10.08"]
[SourceQuality "1"]

1. b3 e5 2. Bb2 Nc6 3. e3 Nf6 4. Nf3 d6 5. c4 Be7 6. d4 exd4 7. exd4 Bg4 8. Be2 0-0 9. 0-0 Re8 10. h3 Bh5 11. d5 Nb8 12. Nd4 Bg6 13. Bd3 Nfd7 14. Bxg6 hxg6 15. Re1 Bf6 16. Rxe8+ Qxe8 17. Nd2 c5 18. dxc6 Nxc6 19. N2f3 Nde5 20. Nxe5 Qxe5 21. Nxc6 Qxb2 22. Rb1 Qxa2 23. Nb4 Qa5 24. Nd5 Re8 25. Nxf6+ gxf6 26. Qxd6 Re1+ 27. Rxe1 Qxe1+ 28. Kh2 Qxf2 29. Qb8+ Kg7 30. Qxb7 Qf4+ 31. Kh1 Qc1+ 32. Kh2 Qf4+ 33. Kh1 Qc1+ 34. Kh2 Qf4+ 1/2-1/2

[Event "Terre degli Elimi op 4th"]
[Site "Erice"]
[Date "2013.07.27"]
[Round "6"]
[White "Stirpe, Claudio"]
[Black "Groenewold, Jan Joris"]
[Result "0-1"]
[WhiteElo "2029"]
[BlackElo "2175"]
[PlyCount "142"]
[EventDate "2013.07.24"]
[EventType "swiss"]
[EventRounds "7"]
[EventCountry "ITA"]
[SourceTitle "EXT 2015"]
[Source "ChessBase"]
[SourceDate "2014.11.20"]
[SourceVersion "1"]
[SourceVersionDate "2014.11.20"]
[SourceQuality "1"]

1. d4 Nf6 2. c4 e6 3. Nc3 Bb4 4. Qc2 b6 5. e4 c5 6. d5 exd5 7. exd5 Qe7+ 8. Qe2 Ne4 9. Bd2 Bxc3 10. Bxc3 Nxc3 11. Qxe7+ Kxe7 12. bxc3 d6 13. Bd3 Nd7 14. Nf3 Nf6 15. 0-0 Bg4 16. Nh4 Rae8 17. Nf5+ Bxf5 18. Bxf5 Kd8 19. Rfe1 Rxe1+ 20. Rxe1 Re8 21. Kf1 Rxe1+ 22. Kxe1 a6 23. a4 b5 24. cxb5 axb5 25. axb5 c4 26. Kd2 g6 27. Bc2 Nxd5 28. Be4 Nf6 29. Bf3 Kc7 30. Ke3 Kb6 31. Bc6 Kc5 32. f3 Ng8 33. g4 Ne7 34. Be8 Nd5+ 35. Kd2 f6 36. Bf7 Nb6 37. Be8 g5 38. Ke3 Nd5+ 39. Kd2 Nc7 40. b6 Kxb6 41. Ba4 Kc5 42. Bc2 h6 43. Bd1 d5 44. Bc2 d4 45. cxd4+ Kxd4 46. Be4 Ne6 47. Bf5 Nc7 48. Be4 c3+ 49. Kc2 Nb5 50. Bf5 Nd6 51. Bd7 Nc4 52. Bc6 Ne3+ 53. Kc1 Nc4 54. h3 Nd2 55. Kc2 Nc4 56. Bb7 Na3+ 57. Kb3 Nb5 58. Bc6 Nc7 59. Kc2 Ne6 60. Bb5 Nf4 61. Bf1 Nd5 62. Bb5 Nb4+ 63. Kb3 Nd3 64. Kc2 Ne1+ 65. Kd1 Nxf3 66. Kc2 Ng1 67. Bf1 Ke3 68. Kxc3 Kf2 69. Bb5 Kg3 70. Kd3 Nxh3 71. Bd7 Nf2+ 0-1

[Event "Terre degli Elimi op 4th"]
[Site "Erice"]
[Date "2013.07.24"]
[Round "1"]
[White "Groenewold, Jan Joris"]
[Black "Schlee, Ulrich"]
[Result "1-0"]
[WhiteElo "2175"]
[BlackElo "1802"]
[PlyCount "79"]
[EventDate "2013.07.24"]
[EventType "swiss"]
[EventRounds "7"]
[EventCountry "ITA"]
[SourceTitle "EXT 2015"]
[Source "ChessBase"]
[SourceDate "2014.11.20"]
[SourceVersion "1"]
[SourceVersionDate "2014.11.20"]
[SourceQuality "1"]

1. d4 d5 2. Nf3 Nf6 3. c4 e6 4. g3 Nbd7 5. Bg2 dxc4 6. Qa4 Be7 7. 0-0 0-0 8. Qxc4 c5 9. Rd1 Nb6 10. Qb3 c4 11. Qc2 Bd7 12. Nc3 Rc8 13. e4 Bc6 14. Ne5 Qc7 15. Bf4 Qd8 16. Nxc6 Rxc6 17. d5 exd5 18. exd5 Rd6 19. Bxd6 Bxd6 20. Nb5 Qd7 21. a4 a6 22. Nxd6 Qxd6 23. a5 Nbd7 24. Qxc4 Ne5 25. Qb3 h5 26. Rac1 h4 27. Qxb7 hxg3 28. hxg3 Neg4 29. Qc7 Qb4 30. Qc3 Qb8 31. d6 Nd7 32. Rc2 Qb5 33. Qc6 Qh5 34. Qxd7 Ne3 35. Rcd2 Nxd1 36. Qh3 Qxa5 37. Rxd1 Qa4 38. Qh5 Qc2 39. d7 Rd8 40. Re1 1-0

[Event "Oberhausen op"]
[Site "Oberhausen"]
[Date "2013.04.01"]
[Round "7"]
[White "Groenewold, Jan Joris"]
[Black "Coenen, Michael"]
[Result "1-0"]
[WhiteElo "2156"]
[BlackElo "2308"]
[PlyCount "93"]
[EventDate "2013.03.28"]
[EventType "swiss"]
[EventRounds "7"]
[EventCountry "GER"]
[SourceTitle "CBM 153 Extra"]
[Source "ChessBase"]
[SourceDate "2013.04.22"]
[SourceVersion "1"]
[SourceVersionDate "2013.04.22"]
[SourceQuality "1"]

1. d4 Nf6 2. Nf3 e6 3. c4 b6 4. g3 Bb7 5. Bg2 Be7 6. 0-0 0-0 7. Nc3 d6 8. Qc2 c5 9. e4 cxd4 10. Nxd4 Qc8 11. b3 a6 12. Bb2 Rd8 13. Qe2 Nbd7 14. Rac1 Qc7 15. Nd5 exd5 16. cxd5 Nc5 17. b4 Re8 18. bxc5 bxc5 19. Nf5 Bc8 20. Ne3 Bd7 21. Qc2 Rab8 22. Bc3 Ng4 23. Nc4 Bb5 24. Ba5 Qa7 25. h3 Bxc4 26. Qxc4 Ne5 27. Qe2 Bf6 28. f4 Nd3 29. Rc4 Nb2 30. Rc2 Bd4+ 31. Kh2 Na4 32. Qc4 Qd7 33. a3 Qb5 34. Bc7 Rb7 35. Bxd6 Qxc4 36. Rxc4 Nb2 37. Rc2 Rc8 38. e5 Rb3 39. Be7 c4 40. d6 Bb6 41. d7 Rb8 42. Rf3 Rb5 43. a4 Nxa4 44. Rxc4 Nc5 45. Rfc3 Ne6 46. Rc8+ Bd8 47. Bxd8 1-0

[Event "Groningen Atlantis IM"]
[Site "Groningen"]
[Date "2011.08.13"]
[Round "6"]
[White "Groenewold, Jan Joris"]
[Black "Picard, Romain"]
[Result "1-0"]
[WhiteElo "2176"]
[BlackElo "2351"]
[PlyCount "57"]
[EventDate "2011.08.08"]
[EventType "tourn"]
[EventRounds "9"]
[EventCountry "NED"]
[EventCategory "3"]
[SourceTitle "CBM 143 Extra"]
[Source "ChessBase"]
[SourceDate "2011.08.29"]
[SourceVersion "1"]
[SourceVersionDate "2011.08.29"]
[SourceQuality "1"]

1. d4 e6 2. c4 b6 3. Nf3 Bb7 4. Nc3 Nf6 5. g3 Bxf3 6. exf3 c6 7. d5 cxd5 8. cxd5 Nxd5 9. Nxd5 exd5 10. Bb5 Bb4+ 11. Kf1 0-0 12. Qxd5 Nc6 13. Kg2 Qf6 14. Rd1 Bc5 15. Rb1 h6 16. a3 a5 17. Bd2 Ne7 18. Qxd7 Rfd8 19. Qg4 Bd4 20. Bxh6 Qe5 21. a4 Ng6 22. Bg5 Rd6 23. Re1 Qc5 24. Rbc1 Qb4 25. Rc8+ Rd8 26. Rxa8 Rxa8 27. Re4 f5 28. Qxf5 Qxb2 29. Bc4+ 1-0

[Event "Groningen Atlantis IM"]
[Site "Groningen"]
[Date "2011.08.10"]
[Round "3"]
[White "Van Assendelft, Floris"]
[Black "Groenewold, Jan Joris"]
[Result "1-0"]
[WhiteElo "2393"]
[BlackElo "2176"]
[PlyCount "73"]
[EventDate "2011.08.08"]
[EventType "tourn"]
[EventRounds "9"]
[EventCountry "NED"]
[EventCategory "3"]
[SourceTitle "CBM 143 Extra"]
[Source "ChessBase"]
[SourceDate "2011.08.29"]
[SourceVersion "1"]
[SourceVersionDate "2011.08.29"]
[SourceQuality "1"]

1. e4 e5 2. Nf3 d6 3. d4 exd4 4. Nxd4 Nf6 5. Nc3 Be7 6. g3 0-0 7. Bg2 Nc6 8. 0-0 Bg4 9. Nxc6 bxc6 10. f3 Be6 11. f4 Qc8 12. b3 Bh3 13. Bb2 Bxg2 14. Kxg2 Nd7 15. Qf3 Re8 16. Rad1 Bf8 17. Ne2 c5 18. c4 Qb7 19. Nc3 Nb6 20. Nd5 Nxc4 21. Bxg7 Bxg7 22. bxc4 c6 23. Ne3 Qe7 24. e5 dxe5 25. Nf5 Qf6 26. fxe5 Qxe5 27. Nxg7 Qxg7 28. Rd7 Rf8 29. Qxc6 Rab8 30. Rf2 Rb2 31. Qxc5 Rfb8 32. Qxa7 Qg4 33. Rd8+ Rxd8 34. Qxf7+ Kh8 35. Qf6+ Kg8 36. Qxd8+ Kg7 37. Qf6+ 1-0

[Event "Groningen Atlantis IM"]
[Site "Groningen"]
[Date "2011.08.08"]
[Round "1"]
[White "Lambrechts, Koen"]
[Black "Groenewold, Jan Joris"]
[Result "1/2-1/2"]
[WhiteElo "2255"]
[BlackElo "2176"]
[PlyCount "110"]
[EventDate "2011.08.08"]
[EventType "tourn"]
[EventRounds "9"]
[EventCountry "NED"]
[EventCategory "3"]
[SourceTitle "CBM 143 Extra"]
[Source "ChessBase"]
[SourceDate "2011.08.29"]
[SourceVersion "1"]
[SourceVersionDate "2011.08.29"]
[SourceQuality "1"]

1. e4 Nf6 2. e5 Nd5 3. d4 d6 4. Nf3 Bg4 5. Be2 c6 6. exd6 exd6 7. 0-0 Be7 8. c4 Nb6 9. b3 N8d7 10. Nbd2 0-0 11. Qc2 Nf6 12. Bd3 Nbd7 13. Bb2 Bh5 14. Nh4 Re8 15. Rfe1 Bf8 16. Nf1 d5 17. Rxe8 Qxe8 18. Ng3 Bg6 19. Nxg6 hxg6 20. c5 Be7 21. b4 Nf8 22. Bc3 Ne6 23. Rb1 a6 24. a4 Nh5 25. Nxh5 gxh5 26. Re1 Bf6 27. Qe2 h4 28. Bf5 Qd7 29. Bxe6 fxe6 30. Qxe6+ Qxe6 31. Rxe6 Kf7 32. Re1 Re8 33. Rxe8 Kxe8 34. Kf1 Kf7 35. Ke2 Ke6 36. Kf3 Kf5 37. g4+ hxg3 38. fxg3 g6 39. h4 g5 40. g4+ Kg6 41. h5+ Kh6 42. Ke3 Bd8 43. Be1 Bc7 44. Kd3 Kg7 45. Bd2 Kh6 46. Kc2 Bd8 47. Kb3 Bc7 48. b5 Bd8 49. Kb4 Bc7 50. Be1 Kh7 51. Kb3 Kg7 52. Bd2 Kh6 53. Be1 Kh7 54. Bd2 Kh6 55. Be1 Kh7 1/2-1/2

[Event "Paleochora op 4th"]
[Site "Paleochora"]
[Date "2011.07.27"]
[Round "9"]
[White "Groenewold, Jan Joris"]
[Black "Faibisovich, Vadim Z"]
[Result "0-1"]
[WhiteElo "2176"]
[BlackElo "2409"]
[PlyCount "48"]
[EventDate "2011.07.20"]
[EventType "swiss"]
[EventRounds "9"]
[EventCountry "GRE"]
[SourceTitle "CBM 143 Extra"]
[Source "ChessBase"]
[SourceDate "2011.08.29"]
[SourceVersion "1"]
[SourceVersionDate "2011.08.29"]
[SourceQuality "1"]

1. f4 d5 2. Nf3 Nf6 3. g3 g6 4. Bg2 Bg7 5. 0-0 0-0 6. d3 c5 7. Qe1 Nc6 8. c3 Bg4 9. e4 dxe4 10. dxe4 e5 11. f5 gxf5 12. exf5 Bxf5 13. Nxe5 Nxe5 14. Rxf5 Nd3 15. Qf1 Re8 16. Bd2 c4 17. Na3 Qb6+ 18. Kh1 Ng4 19. Bd5 Qxb2 20. Nxc4 Qc2 21. Bxf7+ Kh8 22. Bxe8 Rxe8 23. Nd6 Qxd2 24. Nxe8 Qxh2# 0-1

[Event "Groningen Atlantis-B"]
[Site "Groningen"]
[Date "2010.08.21"]
[Round "6"]
[White "Geurink, Jasper"]
[Black "Groenewold, Jan Joris"]
[Result "1-0"]
[WhiteElo "2307"]
[BlackElo "2189"]
[PlyCount "71"]
[EventDate "2010.08.16"]
[EventType "tourn"]
[EventRounds "9"]
[EventCountry "NED"]
[SourceTitle "CBM 138 Extra"]
[Source "ChessBase"]
[SourceDate "2010.10.29"]
[SourceVersion "1"]
[SourceVersionDate "2010.10.29"]
[SourceQuality "1"]

1. e4 c6 2. d3 d5 3. Nd2 e5 4. Ngf3 Bd6 5. g3 Nf6 6. Bg2 0-0 7. 0-0 Re8 8. Re1 Nbd7 9. b3 Nf8 10. Bb2 Ng6 11. a3 d4 12. b4 b6 13. Nc4 Bc7 14. a4 Qe7 15. c3 dxc3 16. Bxc3 Ba6 17. Qb3 Rad8 18. d4 Nd7 19. b5 Bb7 20. bxc6 Bxc6 21. d5 Nc5 22. Qc2 Bd7 23. Bb4 Rc8 24. a5 Qf6 25. axb6 Bxb6 26. Nxb6 axb6 27. Qb1 Bb5 28. Ra3 Bc4 29. Nd2 Nd7 30. Ra7 Ngf8 31. Bh3 Red8 32. Bxf8 Nxf8 33. Bxc8 Rxc8 34. Nxc4 Rxc4 35. Ra8 Qd6 36. Rc1 1-0

[Event "Groningen Atlantis-B"]
[Site "Groningen"]
[Date "2010.08.18"]
[Round "3"]
[White "Groenewold, Jan Joris"]
[Black "Boulan, Laura"]
[Result "1-0"]
[WhiteElo "2189"]
[BlackElo "2022"]
[PlyCount "71"]
[EventDate "2010.08.16"]
[EventType "tourn"]
[EventRounds "9"]
[EventCountry "NED"]
[SourceTitle "CBM 138 Extra"]
[Source "ChessBase"]
[SourceDate "2010.10.29"]
[SourceVersion "1"]
[SourceVersionDate "2010.10.29"]
[SourceQuality "1"]

1. f4 d6 2. e4 d5 3. exd5 c6 4. dxc6 Nxc6 5. Nf3 Nf6 6. d4 Bg4 7. c3 Qa5 8. Nbd2 Rd8 9. Qb3 Qc7 10. Bc4 e6 11. Ne5 Bh5 12. Qa4 Bd6 13. 0-0 0-0 14. Ndf3 Nd5 15. Bd3 f6 16. Nxc6 bxc6 17. Qc2 Nxf4 18. Bxh7+ Kh8 19. Bxf4 Bxf4 20. Bg6 Bg4 21. Qf2 Bxf3 22. Qxf3 Bh6 23. Rae1 Qd6 24. Qe4 e5 25. dxe5 Qc5+ 26. Kh1 fxe5 27. Qg4 Qb5 28. Bf5 Rf6 29. b3 Bf4 30. c4 Qb4 31. a3 Qxb3 32. Rxf4 exf4 33. Qh5+ Kg8 34. Re8+ Rxe8 35. Qxe8+ Rf8 36. Be6+ 1-0

[Event "Groningen op-A"]
[Site "Groningen"]
[Date "2009.12.30"]
[Round "9"]
[White "Groenewold, Jan Joris"]
[Black "Berkovich, Mark A"]
[Result "1/2-1/2"]
[WhiteElo "2145"]
[BlackElo "2406"]
[PlyCount "46"]
[EventDate "2009.12.21"]
[EventType "swiss"]
[EventRounds "9"]
[EventCountry "NED"]
[SourceTitle "CBM 134 Extra"]
[Source "ChessBase"]
[SourceDate "2010.03.03"]
[SourceVersion "1"]
[SourceVersionDate "2010.03.03"]
[SourceQuality "1"]

1. d4 Nf6 2. Nf3 g6 3. c4 Bg7 4. Nc3 d5 5. Qb3 dxc4 6. Qxc4 0-0 7. Bf4 c6 8. e4 b5 9. Qd3 Qa5 10. Nd2 Be6 11. Be2 Re8 12. 0-0 Nbd7 13. Qc2 Rac8 14. a4 Nf8 15. Nf3 Bg4 16. b4 Qb6 17. Be3 Qc7 18. Rac1 Red8 19. Rfd1 Ne8 20. e5 Qb7 21. h3 Bf5 22. Qb2 Nc7 23. g4 Bd7 1/2-1/2

[Event "Groningen-B"]
[Site "Groningen"]
[Date "2009.07.10"]
[Round "8"]
[White "Kroencke, Manfred"]
[Black "Groenewold, Jan Joris"]
[Result "1/2-1/2"]
[WhiteElo "2121"]
[BlackElo "2117"]
[PlyCount "28"]
[EventDate "2009.07.03"]
[EventType "tourn"]
[EventRounds "9"]
[EventCountry "NED"]
[SourceTitle "CBM 131 Extra"]
[Source "ChessBase"]
[SourceDate "2009.09.03"]
[SourceVersion "2"]
[SourceVersionDate "2009.09.16"]
[SourceQuality "1"]

1. e4 c5 2. Nf3 Nc6 3. Bb5 Na5 4. 0-0 a6 5. Be2 e6 6. d4 cxd4 7. Nxd4 Qc7 8. c4 Nf6 9. Qd3 b6 10. Be3 Bb7 11. Nd2 Bb4 12. f3 Nc6 13. Nxc6 Qxc6 14. Rfd1 0-0 1/2-1/2

[Event "Groningen-B"]
[Site "Groningen"]
[Date "2009.07.07"]
[Round "5"]
[White "Hummel, Erik Jan"]
[Black "Groenewold, Jan Joris"]
[Result "0-1"]
[WhiteElo "2236"]
[BlackElo "2117"]
[PlyCount "78"]
[EventDate "2009.07.03"]
[EventType "tourn"]
[EventRounds "9"]
[EventCountry "NED"]
[SourceTitle "CBM 131 Extra"]
[Source "ChessBase"]
[SourceDate "2009.09.03"]
[SourceVersion "2"]
[SourceVersionDate "2009.09.16"]
[SourceQuality "1"]

1. e4 e5 2. Nf3 Nc6 3. Bc4 Nf6 4. d3 Be7 5. 0-0 d6 6. Re1 0-0 7. Nbd2 a6 8. a3 b5 9. Ba2 Bg4 10. h3 Bh5 11. c3 Rb8 12. Nf1 Nd7 13. Ng3 Bg6 14. d4 Bf6 15. Be3 Re8 16. d5 Ne7 17. c4 h5 18. h4 Nc8 19. Ng5 Be7 20. Nxh5 Nc5 21. Bxc5 Bxg5 22. Qg4 dxc5 23. hxg5 Nd6 24. cxb5 axb5 25. Rac1 Nxe4 26. Rxe4 Bxe4 27. Rc3 Bg6 28. Rh3 Kf8 29. Qh4 Ke7 30. Re3 Qd6 31. f4 Bxh5 32. Qxh5 e4 33. Rxe4+ Kd8 34. Qe2 Rxe4 35. Qxe4 Kc8 36. Qf5+ Kb7 37. a4 c4 38. g3 Re8 39. Bb1 Re2 0-1

[Event "Groningen-B"]
[Site "Groningen"]
[Date "2009.07.03"]
[Round "1"]
[White "Van der Marel, Bert"]
[Black "Groenewold, Jan Joris"]
[Result "0-1"]
[WhiteElo "2226"]
[BlackElo "2117"]
[PlyCount "62"]
[EventDate "2009.07.03"]
[EventType "tourn"]
[EventRounds "9"]
[EventCountry "NED"]
[SourceTitle "CBM 131 Extra"]
[Source "ChessBase"]
[SourceDate "2009.09.03"]
[SourceVersion "2"]
[SourceVersionDate "2009.09.16"]
[SourceQuality "1"]

1. d4 Nf6 2. c4 e6 3. Nf3 Bb4+ 4. Bd2 c5 5. dxc5 Bxc5 6. Nc3 a6 7. e3 Nc6 8. Be2 0-0 9. 0-0 d5 10. cxd5 exd5 11. Rc1 Ba7 12. a3 Ne4 13. Be1 Be6 14. Nxe4 dxe4 15. Qxd8 Rfxd8 16. Ng5 Bd5 17. Bc4 Bxc4 18. Rxc4 f5 19. Bc3 Rd6 20. Bb4 Nxb4 21. axb4 h6 22. Nh3 Rad8 23. g3 g5 24. Rfc1 Rd1+ 25. Rxd1 Rxd1+ 26. Kg2 Rd7 27. Kf1 Kf7 28. Ke1 Bb8 29. b5 a5 30. b4 a4 31. Rc8 Bd6 0-1

[Event "Groningen Harmonie op-B"]
[Site "Groningen"]
[Date "2007.12.22"]
[Round "2"]
[White "Groenewold, Jan Joris"]
[Black "Slagter, Ruben"]
[Result "1-0"]
[WhiteElo "2110"]
[BlackElo "1895"]
[PlyCount "77"]
[EventDate "2007.12.21"]
[EventType "swiss"]
[EventRounds "9"]
[EventCountry "NED"]
[SourceTitle "CBM 121 Extra"]
[Source "ChessBase"]
[SourceDate "2008.01.10"]
[SourceVersion "1"]
[SourceVersionDate "2008.01.10"]
[SourceQuality "1"]

1. e4 c5 2. Nf3 g6 3. g3 Bg7 4. Bg2 Nc6 5. 0-0 e6 6. d3 Nge7 7. c3 0-0 8. a4 d5 9. Qe2 d4 10. Ra3 e5 11. Nbd2 b6 12. Nc4 Ba6 13. Bd2 h6 14. Be1 Qd7 15. cxd4 Nxd4 16. Nxd4 cxd4 17. b3 Nc6 18. f4 Bxc4 19. bxc4 exf4 20. gxf4 Rae8 21. Qf3 Kh7 22. Ra2 Qe7 23. Qg3 Nd8 24. a5 f5 25. axb6 axb6 26. Rb2 Qc7 27. Bb4 Rf7 28. e5 Ne6 29. Bd6 Qd8 30. Bc6 Rg8 31. Bd5 g5 32. Bxe6 gxf4 33. Rxf4 Bxe5 34. Bxe5 Rxg3+ 35. hxg3 Qa8 36. Bxd4 Re7 37. Bxf5+ Kg8 38. Be4 Qc8 39. Rbf2 1-0

[Event "Arnhem op"]
[Site "Arnhem"]
[Date "2007.09.01"]
[Round "3"]
[White "Groenewold, Jan Joris"]
[Black "Rijnaarts, Sjef"]
[Result "1-0"]
[WhiteElo "2110"]
[BlackElo "2292"]
[PlyCount "59"]
[EventDate "2007.08.31"]
[EventType "swiss"]
[EventRounds "6"]
[EventCountry "NED"]
[SourceTitle "EXT 2008"]
[Source "ChessBase"]
[SourceDate "2007.11.25"]
[SourceVersion "1"]
[SourceVersionDate "2007.11.25"]
[SourceQuality "1"]

1. d4 d5 2. Nf3 Nf6 3. g3 e6 4. Bg2 Bd6 5. 0-0 0-0 6. c4 c6 7. Qc2 h6 8. b3 Qe7 9. Bb2 dxc4 10. Qxc4 b5 11. Qc2 Bb7 12. Nc3 Na6 13. Rac1 Rac8 14. Qb1 Rfd8 15. Nd2 e5 16. Nf3 e4 17. Ne5 e3 18. fxe3 b4 19. Ne4 Bxe5 20. dxe5 Nxe4 21. Qxe4 Rd2 22. Ba1 Rxe2 23. Qg4 Rxe3 24. Rcd1 Rc7 25. Bd4 Rxe5 26. Bxe5 Qxe5 27. Rd8+ Kh7 28. Be4+ g6 29. Rxf7+ Rxf7 30. Qxg6# 1-0